Anteproyecto de la carretera aeropuerto El Coco-San Ramón
محفوظ في:
| المؤلف الرئيسي: | |
|---|---|
| التنسيق: | غير معروف |
| منشور في: |
[San José, Costa Rica]
1956
|
| الموضوعات: | |
| الوسوم: |
إضافة وسم
لا توجد وسوم, كن أول من يضع وسما على هذه التسجيلة!
|
MARC
| LEADER | 00000 a2200000 4500 | ||
|---|---|---|---|
| 003 | 011036 | ||
| 005 | 20221231143803.0 | ||
| 008 | 140114s1956 c a m 000 ||s d | ||
| 040 | |c cru CEDI | ||
| 090 | |a TFG 085 | ||
| 100 | |a Moya Solano, Edwin |9 17181 | ||
| 245 | |a Anteproyecto de la carretera aeropuerto El Coco-San Ramón | ||
| 260 | |c 1956 |a [San José, Costa Rica] | ||
| 300 | |a 52 hojas : ilustraciones (algunas plegables), plano plegables, 13 fotografías originales en bolsillo ; 29 cm | ||
| 500 | |a A la cabeza de la portada Tesis de Grado. Universidad de Costa. Escuela de Ingeniería | ||
| 501 | |a Ed. mecanografiada | ||
| 650 | |x CARRETERAS |x COSTA RICA |9 17182 | ||
| 942 | |c TFG | ||
| 999 | |c 11969 |d 11969 | ||
